Engineering drawing and construction Vol-2 (Record no. 67596)

000 -LEADER
fixed length control field 00425nam a22001577a 4500
003 - CONTROL NUMBER IDENTIFIER
control field NUST - PNEC
005 - DATE AND TIME OF LATEST TRANSACTION
control field 20170116181027.0
008 - FIXED-LENGTH DATA ELEMENTS--GENERAL INFORMATION
fixed length control field 150917b xxu||||| |||| 00| 0 eng d
040 ## - CATALOGING SOURCE
Transcribing agency LIBRARY
082 ## - DEWEY DECIMAL CLASSIFICATION NUMBER
Classification number 604.24 MOT
100 ## - MAIN ENTRY--PERSONAL NAME
9 (RLIN) 10872
Personal name Mott, Leslie Charles
245 ## - TITLE STATEMENT
Title Engineering drawing and construction Vol-2
Statement of responsibility, etc. Leslie Charles Mott
260 ## - PUBLICATION, DISTRIBUTION, ETC.
Date of publication, distribution, etc. 1967
650 ## - SUBJECT ADDED ENTRY--TOPICAL TERM
9 (RLIN) 5592
Topical term or geographic name entry element Mechanical drawing
General subdivision ME
942 ## - ADDED ENTRY ELEMENTS (KOHA)
Source of classification or shelving scheme
Koha item type Book
Holdings
Withdrawn status Lost status Source of classification or shelving scheme Damaged status Not for loan Permanent Location Current Location Shelving location Date acquired Total Checkouts Full call number Barcode Date last seen Price effective from Koha item type
          Pakistan Navy Engineering College (PNEC) Pakistan Navy Engineering College (PNEC)       604.24 MOT PNECLIB-004525 09/17/2015   Book
© 2023 Central Library, National University of Sciences and Technology. All Rights Reserved.